000 00413nam a22001337a 4500
003 OSt
008 260508b |||||||| |||| 00| 0 eng d
082 _a633.11
_bS48S
100 _aSingh, Girish Kumar
245 _aStudies on Productivity of Wheat (Triticum asetivum L.) As Influenced by Plant Geometry and Nitrogen Fertilization
260 _aPusa,Samastipur
_bRAU
_c1987
502 _bMsc.
_d1987
942 _2ddc
_cT
999 _c50503
_d50503